| 000 | 00874nam a2200241 a 4500 | ||
|---|---|---|---|
| 001 | 000047738 | ||
| 003 | DO-SdBNP | ||
| 005 | 20250703135908.0 | ||
| 008 | 100310s2008 dr 000 0 spa d | ||
| 040 |
_aDO-SdBNP _bspa _cBNPHU |
||
| 082 |
_a370.97293 _bR426i |
||
| 110 | 2 |
_aRepública Dominicana _bSecretaría de Estado de Educación _9607 |
|
| 245 | 1 | 0 |
_aIndicadores : _beducativos 2006-2007 |
| 246 | 1 | 3 | _aEstadísticas educativas 2006-2007 |
| 260 |
_aSanto Domingo : _bOficina de Planificación Educativa, _c2008. |
||
| 490 | 1 | _aGestión Educativa | |
| 500 | _aGestión Educativa 2004- 2008 | ||
| 590 | _aInventariado, 2019/ VM | ||
| 650 | 4 |
_aEducación _zRepública Dominicana _vEstadísticas _y2006-2007 _975336 |
|
| 650 | 4 |
_aEducación y estado _zRepública Dominicana _910500 |
|
| 830 | 0 |
_aGestión Educativa (República Dominicana) _v4 _975337 |
|
| 942 |
_2ddc _cLBS1 |
||
| 999 |
_c47226 _d47226 |
||